000 00829nam a2200241 a 4500
001 24690
003 BD-RjUL
005 20211209001103.0
008 140315r19631962enk 000 0 eng u
035 _a(BD-RjUL)24759
040 _aBD-RjUL
_beng
_cBD-RjUL
_dBD-RjUL
041 1 _aeng
_hfre
082 _a320.944083
_bFRM
100 1 _aMendès France, Pierre,
_d1907-1982.
_976004
245 1 2 _aA modern French republic /
_cPierre Mendès France; translated from the French by Anne Carter.
260 _aLondon :
_bWeidenfeld & Nicolson,
_c1963.
300 _a205 p. ;
_c22 cm
500 _aTranslation of: " La republique moderne. "
500 _aOriginally published: Paris : Editions Gallimard, 1962.
651 0 _aFrance
_xPolitics and government
_y20th century.
_976005
942 _2ddc
_cBK
999 _c24690
_d24690